000 00668nam a22002057a 4500
999 _c98717
_d98717
005 20200207122054.0
008 150819b mx||||| |||| 00| 0 spa d
020 _a9683619282
050 0 4 _aK564.C6
_bT45 1991
100 1 _aTéllez Valdés, Julio
_eautor
245 1 0 _aDerecho informático
_c/ Julio Téllez Valdés.
250 _a1a ed.
260 _aMéxico :
_bUniversidad Nacional Autónoma de México,
_c1991
300 _a98 p. ;
_c23 cm.
490 0 _aA: Fuentes, b) textos y estudios legislativos,
_v75
650 7 _2lemb
_aComputadoras
_xLegislación
_zMéxico
650 4 _aInternet
_xLegislación
_zMéxico
942 _2lcc
_cLIB